A lenda dos Santos Barlaão e Josafate / (Record no. 167027)

MARC details
000 -LEADER
campo de control de longitud fija 00878nam a22002175i 4500
001 - NÚMERO DE CONTROL
campo de control 167027
003 - IDENTIFICADOR DE NÚMERO DE CONTROL
campo de control ES-MaACL
005 - FECHA Y HORA DE LA ÚLTIMA TRANSACCIÓN
campo de control 20230906213438.0
008 - DATOS DE LONGITUD FIJA--INFORMACIÓN GENERAL
campo de control de longitud fija 010504s1898 po |||| | por d
040 ## - FUENTE DE CATALOGACIÓN
Centro catalogador/agencia de origen CAM
Lengua de catalogación spa
Centro/agencia transcriptor CAM
100 1# - ENTRADA PRINCIPAL--NOMBRE DE PERSONA
Nombre de persona Vasconcelos Abreu, Guilherme de,
9 (RLIN) 133565
245 12 - MENCIÓN DEL TÍTULO
Título A lenda dos Santos Barlaão e Josafate /
Mención de responsabilidad, etc. por G. de Vasconcellos-Abreu e A.R. Gonçalves Vianna.
260 ## - PUBLICACIÓN, DISTRIBUCIÓN, ETC.
Lugar de publicación, distribución, etc. Lisboa :
Nombre del editor, distribuidor, etc. [s.n.],
Fecha de publicación, distribución, etc. 1898 (
Fabricante typographia da Academia Real das Sciencias)
300 ## - DESCRIPCIÓN FÍSICA
Extensión 49 p., [2] h. de fot. ;
Dimensiones 31 cm.
594 #1 - Nota al título y mención de responsabilidad
Nota al título y mención de responsabilidad Tit. de la cub.: Texto critico da lenda dos Santos Barlaão e Josafate.
600 04 - PUNTO DE ACCESO ADICIONAL DE MATERIA--NOMBRE DE PERSONA
Nombre de persona Barlaam
Títulos y otros términos asociados al nombre Santo.
9 (RLIN) 125821
600 04 - PUNTO DE ACCESO ADICIONAL DE MATERIA--NOMBRE DE PERSONA
Nombre de persona Josafat
Títulos y otros términos asociados al nombre Santo.
9 (RLIN) 128354
700 21 - ENTRADA AGREGADA--NOMBRE PERSONAL
Nombre de persona Gonçalves Vianna, A.R.
9 (RLIN) 127466
852 ## - LOCALIZACIÓN
Ubicación ES-MaACL
Número de control de estantería T-786-F-8
Nota libre -- Enc. hol., conservando la cub. original
-- -- Enc. en un vol. facticio
Holdings
Estatus retirado Estado de pérdida Estado de daño No para préstamo Colección Biblioteca de origen Biblioteca actual Ubicación en estantería Fecha de adquisición Total de préstamos Signatura topográfica completa Código de barras Visto por última vez Precio de reemplazo Tipo de ítem Koha
        Colección de folletos Biblioteca del Ateneo de Madrid Biblioteca del Ateneo de Madrid Depósito folletos 17/01/2008   T-786-F-8 1175208 23/02/2023 23/02/2023 Folleto